[Event "FIDE Zone 3.4 Men-ch 2017"]
[Site "Tashkent"]
[Date "2017.06.22"]
[Round "7"]
[White "Abdusattorov, Nodirbek"]
[Black "Fayzullaev, Akmal"]
[Result "1/2-1/2"]
[WhiteElo "2462"]
[BlackElo "2391"]
[Annotator "TA"]
[PlyCount "152"]
[EventDate "2017.??.??"]
[EventType "swiss"]
[EventCountry "UZB"]
[SourceTitle "playchess.com"]
[Source "ChessBase"]
[SourceQuality "1"]

{[%evp 15,152,77,94,73,117,114,117,109,116,116,121,115,125,109,122,116,124,113,124,126,258,141,220,189,286,105,110,102,112,97,148,130,144,86,148,148,149,148,148,152,154,147,156,148,144,144,151,151,151,151,160,153,154,142,129,139,170,154,196,196,192,192,192,197,229,229,220,0,0,-10,0,-2,40,41,0,41,117,0,216,0,0,0,0,0,0,0,0,0,0,0,0,0,0,-33,-33,-39,-33,-66,0,0,0,0,0,0,0,0,0,0,0,0,0,0,0,0,0,0,0,0,0,0,0,0,0,0,0,0,0,0,0,0,0,0,0,0,0,0,0,0,0]} 1. d4 Nf6 2. c4 b6 3. Nc3 Bb7 4. Qc2 e6 5. e4 Bb4 6. Bd3 c5 7. d5 d6 {E32: Nimzo-Indian: Classical (4 Qc2): 4...0-0} (7... b5 8. Bg5 bxc4 9. Bxc4 h6 10. Bh4 exd5 11. exd5 Qe7+ 12. Kf1 O-O 13. Nge2 Ba6 14. Bxa6 Nxa6 15. Qf5 {½-½ (64) Edouard,R (2635)-Shengelia,D (2573) Baku 2016}) 8. Nge2 Nbd7 {LiveBook: 5 Games} 9. O-O Bxc3 {White is better.} 10. Nxc3 ({Resist} 10. Qxc3 Ne5 $14) 10... O-O 11. f4 exd5 12. exd5 ({Don't do} 12. cxd5 Qc8 $14) 12... a6 $146 ({Predecessor:} 12... Re8 13. Bd2 a6 14. Rae1 Qc7 15. Qb3 {1-0 (38) Herzog,K (1789)-Tortosa,H (1827) LSS email 2011}) 13. b3 Re8 14. Bb2 Nf8 15. Ne2 {[%cal Bc3e2,Be2g3,Bg3f5][%mdl 32]} b5 16. Ng3 bxc4 17. bxc4 Rb8 (17... Bc8 $16 {is a better defense.} 18. Rae1 Rxe1 19. Rxe1 h6) 18. Rae1 ({White has to play} 18. Rab1 $1 $18) 18... Ng6 (18... Rxe1 $16 19. Rxe1 Ng6) 19. Nf5 Kf8 (19... Rxe1 {keeps fighting.} 20. Rxe1 Bc8) 20. Qc1 $2 (20. Rb1 $1 $18) 20... Bc8 21. Ne3 Ng8 22. Bc3 Nh6 (22... Nf6 $142) 23. Qd1 Rb7 24. h3 (24. f5 $142 Ne5 25. f6) 24... Rbe7 (24... Qh4 $142) 25. Qf3 $16 f6 26. g4 Kg8 27. Qg3 Bd7 28. Kh1 Bc8 29. Rf3 Qd7 30. Bc2 a5 31. Rff1 a4 32. a3 Ba6 33. Rg1 Nf7 34. Qf2 Re4 35. Bxe4 Rxe4 36. Nf5 $1 Rxf4 {[#]} 37. Ne7+ $1 {[%mdl 512]} Qxe7 (37... Nxe7 38. Qxf4) 38. Qxf4 $1 Nfe5 39. Qe4 $1 Qd8 40. Bxe5 Nxe5 41. Qc2 $2 ({White must play} 41. Rc1 $18) 41... Bxc4 $11 42. Qxa4 Bxd5+ 43. Kh2 Qe7 {aiming for ...Nf3+.} 44. Re3 h6 ({Wrong is} 44... Nf3+ $2 45. Rxf3 $1 {[%mdl 512]} Qe2+ 46. Rg2 $18) 45. Kg3 Bf7 {[#]} ({Better is} 45... Qc7 $14) 46. Rd1 (46. Rb1 $1 $16) 46... Qc7 $2 (46... Qb7 $11 {and Black is okay.}) 47. Kf2 $2 ({Only move:} 47. Qa8+ $18 Kh7 48. Rb1) 47... d5 48. Qa8+ Kh7 {Strongly threatening ...Nc4.} 49. Rxd5 Nxg4+ (49... Nc4 $5 50. Rdd3 $8 Nxe3 51. Rxe3 c4 $11) 50. hxg4 Qh2+ 51. Ke1 Qh1+ 52. Kd2 {And now Rd8 would win.} Bxd5 {[%mdl 4096] Endgame KQR-KQB} 53. Qc8 Bf7 54. Qxc5 (54. Qd7 $5 {[%cal Rd7f7]} Qh2+ 55. Kd1 $15) 54... Qg2+ 55. Kc3 Qxg4 56. Re7 Bg6 (56... Qf3+ $15 57. Kb4 Qg4+ 58. Kb5 Bb3) 57. Qc7 {The position is equal.} Be4 58. a4 $1 h5 59. a5 h4 {White must now prevent ...h3.} 60. a6 h3 61. a7 Bg2 62. Re3 Qa4 63. Rg3 {[%csl Gg3][%cal Rc7g7]} Qa1+ 64. Kc2 {[%csl Gg3][%cal Rc7g7]} f5 {[#]} 65. a8=Q $1 {[%mdl 512]} Bxa8 (65... Qxa8 66. Qxg7#) 66. Rxh3+ Kg6 67. Qb6+ Kf7 68. Qb3+ (68. Rd3 $5 {[%cal Rd3d7]} Qa2+ 69. Kc3 Qa1+ 70. Kd2 Qa2+ 71. Kc3 $11) 68... Kf6 69. Qb6+ Kf7 70. Qc7+ Kf6 71. Qd8+ Kf7 $1 72. Qd7+ Kf6 73. Qd6+ Kf7 74. Qd7+ Kf6 75. Qd6+ Kf7 76. Qd7+ Kf6 {Precision: White = 61%, Black = 50%.} 1/2-1/2

[Event "FIDE Zone 3.4 Men-ch 2017"]
[Site "Tashkent"]
[Date "2017.06.22"]
[Round "7"]
[White "Tologontegin, Semetey"]
[Black "Sindarov, Javokhir"]
[Result "1/2-1/2"]
[WhiteElo "2439"]
[BlackElo "2385"]
[Annotator "TA"]
[PlyCount "191"]
[EventDate "2017.??.??"]
[EventType "swiss"]
[EventCountry "UZB"]
[SourceTitle "playchess.com"]
[Source "ChessBase"]
[SourceQuality "1"]

{[%evp 9,190,27,26,26,28,19,62,20,50,52,58,54,65,62,62,57,70,62,61,57,56,16,131,21,136,101,114,106,106,94,106,106,101,95,95,95,125,38,36,-41,47,-64,-47,-41,50,47,150,151,134,133,123,142,131,135,180,154,152,152,155,127,206,193,192,194,175,64,72,64,57,57,55,54,54,52,47,66,64,26,36,26,26,26,26,26,30,23,23,23,22,8,23,23,30,30,31,32,37,0,0,0,8,8,8,0,0,0,0,0,0,0,0,0,0,0,0,0,0,0,0,0,0,0,0,0,0,0,0,0,0,0,0,0,0,0,0,0,0,0,0,0,0,0,0,0,0,0,0,0,0,0,0,0,0,0,0,0,0,0,0,0,0,0,0,0,0,0,0,0,0,0,0,0,0,0,0,0,0,0,0,0,0,0,0]} 1. g3 d5 2. Bg2 c6 3. d3 Nf6 4. Nd2 Bf5 5. e4 Bg6 6. Qe2 {A00: Irregular Openings} e6 7. Ngf3 Be7 8. O-O {White is slightly better.} O-O 9. Ne5 Qc7 $146 ({Predecessor:} 9... Nbd7 10. Nxg6 hxg6 11. f4 Nc5 12. e5 Nfd7 {1-0 (36) Warakomski,T (2430)-Pazdziora,M (2078) Leba 2006}) 10. Nxg6 hxg6 11. e5 Nfd7 12. f4 c5 13. h4 {[%cal Bh2h4,Bh4h5,Bh5g6][%mdl 32]} Nc6 14. c3 b5 15. Qg4 Rad8 (15... c4 $11) 16. Rf2 (16. Nf3 $1 $16) 16... Rfe8 (16... Ndxe5 $11 {keeps the balance.} 17. fxe5 Nxe5) 17. Bf1 Nf8 18. h5 f5 19. exf6 $1 gxf6 20. hxg6 f5 21. Qh5 Bf6 22. Nf3 Qg7 23. Be3 (23. d4 $16) 23... Nxg6 $14 24. Rg2 (24. Ng5 $14) 24... d4 (24... Kf7 $1 $15) 25. Bd2 (25. g4 $14) 25... dxc3 (25... Kf7 $5 {[%cal Re8h8]} 26. Ng5+ Bxg5 27. Qxg5 dxc3 28. bxc3 Rh8 $11) 26. bxc3 Qh7 (26... Kf7 $15 27. g4 Rh8 28. Ng5+ Bxg5 29. Qxg5 Nh4 30. Qxg7+ Kxg7) 27. g4 Kh8 (27... b4 $14) 28. Ng5 $1 $36 {[%csl Gg5][%cal Rh5h7][%mdl 2048] Keeping Black busy.} Qxh5 29. gxh5 Bxg5 30. fxg5 ({Of course not} 30. hxg6 $6 Bf6 $11) 30... Nge5 31. Rg3 $1 Kg8 32. Re1 Ng4 33. Be2 Nce5 34. Bf4 b4 (34... c4 $16 {is a better defense.}) 35. cxb4 $18 cxb4 {[#]} 36. g6 $1 Rd4 {[#]} 37. Bxg4 (37. Bc1 $1 $18) 37... Nxg4 $14 {[#]} 38. Rxg4 $1 {[%mdl 512]} fxg4 $18 {[%mdl 4096] Endgame KRR-KRB} 39. Be5 $1 {[%cal Re5d4]} Rxd3 {Threatens to win with ...Rh3.} 40. h6 {h7+ would kill now.} Rh3 $1 {[%cal Rh3h6]} 41. h7+ Rxh7 $1 42. gxh7+ Kxh7 $14 {KRB-KR} 43. Rc1 Rd8 44. Rc7+ Kg6 45. Rxa7 Kf5 46. Bg3 Ke4 47. Kg2 Rd2+ 48. Bf2 Kf4 49. Ra4 Kf5 50. Kf1 Rb2 51. Bd4 Rb1+ 52. Kf2 b3 53. a3 e5 {The position is equal.} 54. Ra5 $1 {[%cal Ra5e5]} Ke4 55. Bxe5 {Rb5 is the strong threat.} Rd1 56. Bc3 {Hoping for Re5+.} b2 57. Ra4+ Kd5 58. Bxb2 {Black must now prevent Kg3.} Rd2+ 59. Kg3 Rxb2 60. Kxg4 $11 {KR-KR} Kc6 61. Kf3 Rh2 62. Ke3 Rh3+ 63. Kd2 Kb6 64. Kc2 Rh2+ 65. Kb3 Rh3+ 66. Kb2 Rh2+ 67. Kc3 Rh3+ 68. Kd2 Rh2+ 69. Ke3 Rh3+ 70. Kf2 Rc3 71. Ra8 Kb7 72. Ra5 Kb6 73. Ra4 Rb3 74. Ke2 Rh3 75. Ra8 Kb7 76. Ra5 Kb6 77. Ra4 Rb3 78. Kd2 Rh3 79. Ra8 Kb7 80. Ra5 Kb6 81. Ra4 Rg3 82. Ra8 Kb7 83. Ra5 Kb6 84. Ra4 Rh3 85. Kc2 Rh2+ 86. Kd3 Rh3+ 87. Kc4 Rh4+ 88. Kb3 Rxa4 89. Kxa4 {KP-K} Ka6 90. Kb4 Kb6 91. a4 {[%cal Ba3a4,Ba4a5,Ba5a6,Ba6a7][%mdl 32]} Ka6 92. a5 Kb7 93. Kb5 (93. a6+ $5 Kxa6 $11) 93... Ka7 $2 {[%mdl 8192]} (93... Kc8) 94. a6 Kb8 95. Kb6 Ka8 96. a7 $1 {Precision: White = 58%, Black = 70%.} 1/2-1/2

[Event "FIDE Zone 3.4 Men-ch 2017"]
[Site "Tashkent"]
[Date "2017.06.22"]
[Round "7"]
[White "Khusenkhojaev, Muhammad"]
[Black "Vakhidov, Jahongir"]
[Result "1/2-1/2"]
[WhiteElo "2424"]
[BlackElo "2519"]
[Annotator "TA"]
[PlyCount "40"]
[EventDate "2017.??.??"]
[EventType "swiss"]
[EventCountry "UZB"]
[SourceTitle "playchess.com"]
[Source "ChessBase"]
[SourceQuality "1"]

{[%evp 22,40,0,0,0,0,0,0,0,0,7,0,0,0,0,0,0,0,0,0,8]} 1. Nf3 c5 2. c4 g6 3. d4 cxd4 4. Nxd4 Bg7 5. e4 Nc6 6. Be3 d6 7. Nc3 Qb6 {B38: Sicilian: Maroczy Bind with 5...Bg7 and 7...0-0} 8. Nb3 Bxc3+ 9. bxc3 Qc7 10. c5 dxc5 11. Nxc5 Nf6 12. f3 {LiveBook: 3 Games. The position is equal.} O-O 13. Be2 {[#]} Rd8 $146 ({Predecessor:} 13... b6 14. Nb3 Nh5 15. Qc1 {1-0 (53) Kokarev,D (2608)-Savchenko,B (2566) Vladivostok 2015}) 14. Qc1 b6 15. Nb3 Ne5 16. O-O Be6 17. Bd4 Nc6 18. Be3 Ne5 19. Bd4 Nc6 20. Be3 Ne5 1/2-1/2

[Event "FIDE Zone 3.4 Men-ch 2017"]
[Site "Tashkent"]
[Date "2017.06.22"]
[Round "7"]
[White "Markov, Mikhail"]
[Black "Kostenko, Petr"]
[Result "0-1"]
[WhiteElo "2413"]
[BlackElo "2438"]
[Annotator "TA"]
[PlyCount "82"]
[EventDate "2017.??.??"]
[EventType "swiss"]
[EventCountry "UZB"]
[SourceTitle "playchess.com"]
[Source "ChessBase"]
[SourceQuality "1"]

{[%evp 10,82,-15,-30,0,0,0,0,0,0,0,-29,-2,-70,-67,-62,-57,-52,-47,-45,-20,-5,-9,-46,65,-39,-39,-41,-14,-34,-11,-40,-35,-95,-65,-150,-113,-104,-102,-101,-102,-108,-89,-78,-73,-75,0,0,0,-87,-89,-97,0,-171,29,10,0,-19,-19,-288,-284,-289,-288,-497,-499,-588,-609,-616,-590,-1223,-1037,-1025,-1004,-1983,-1951]} 1. c4 e6 2. d4 d5 3. Nc3 c6 4. Nf3 dxc4 5. e4 b5 6. Be2 {LiveBook: 18 Games} a6 {D31: Queen's Gambit Declined: Semi-Slav without ...Nf6 (+ Marshall Gambit and Noteboom) and Exchange Variation lines without ...Nf6} (6... Bb7 7. O-O Nd7 8. d5 e5 9. b3 b4 10. dxc6 Bxc6 11. Nd5 c3 12. Bc4 Be7 13. a3 Ngf6 14. Nxe7 Qxe7 15. axb4 Bxe4 {½-½ (50) Grishchenko,S (2436)-Potapov,P (2475) Loo 2014}) 7. O-O Bb7 8. b3 b4 {The position is equal.} 9. Na4 c3 10. Ne5 $146 ({Predecessor:} 10. a3 a5 11. Qc2 Nd7 12. Re1 {0-1 (63) Sheppard,B (1977)-Taras,I (2239) ICCF email 2006}) 10... Nf6 11. Bf3 (11. Bh5 $11 g6 12. Bf3) 11... Be7 12. Nc4 O-O 13. Nab6 Ra7 14. Be3 Nfd7 15. d5 c5 16. Na4 Qc8 (16... exd5 $15 17. exd5 a5) 17. Bf4 (17. d6 $14 Bd8 18. a3) 17... a5 $15 18. Re1 Ra6 19. Qd3 Re8 20. Rad1 (20. Bxb8 $5 Nxb8 21. d6 $11) 20... Bf8 21. dxe6 (21. h4 $15) 21... Raxe6 $17 22. Nxa5 (22. Bxb8 $15 Nxb8 23. Bg4) 22... Ne5 23. Bxe5 {And now Bg4 would win.} Ba6 24. Qe3 Rxe5 25. Nb6 {[#]} Qc7 $1 $36 {[%cal Rc7b6][%mdl 2048] Black is on the roll.} 26. Nac4 R5e6 27. Nd5 {[#]} Qc8 ({Black should try} 27... Qb7 $1 $17 28. Na5 Qc8) 28. Bg4 $11 Bxc4 29. bxc4 (29. Bxe6 $11 Rxe6 30. bxc4) 29... Nc6 $17 30. Qg3 ({Of course not} 30. Bxe6 fxe6 31. Nf4 Nd4 $15) 30... Kh8 (30... Nd4 $17 {Hoping for ...c2.} 31. Nf6+ Rxf6 32. Bxc8 Rxc8) 31. Nc7 $2 (31. Bxe6 $11 Rxe6 32. Qg4) 31... R8e7 $2 (31... c2 $19 32. Rc1 Bd6 33. Qxd6 Rxd6 34. Bxc8 Rxc8) 32. Nb5 $1 $11 Rd7 33. f4 Nd4 34. a3 $2 {[%mdl 8192]} (34. Kh1 $1 $11 {and White stays safe.}) 34... c2 $19 35. Rc1 b3 {White must now prevent ...b2.} 36. Qc3 $2 (36. Nxd4 cxd4 37. Bxe6 fxe6 38. Qxb3) 36... Nxb5 {Black is clearly winning.} 37. cxb5 c4 {Strongly threatening ...Rd3.} 38. Bxe6 fxe6 39. a4 Qc5+ 40. Kh1 Rd3 41. Qa5 Qb4 {Precision: White = 32%, Black = 57%.} 0-1

[Event "FIDE Zone 3.4 Men-ch 2017"]
[Site "Tashkent"]
[Date "2017.06.22"]
[Round "7"]
[White "Odeev, Handszar"]
[Black "Atabayev, Maksat"]
[Result "1/2-1/2"]
[WhiteElo "2405"]
[BlackElo "2498"]
[Annotator "TA"]
[PlyCount "115"]
[EventDate "2017.??.??"]
[EventType "swiss"]
[EventCountry "UZB"]
[SourceTitle "playchess.com"]
[Source "ChessBase"]
[SourceQuality "1"]

{[%evp 14,115,59,25,76,23,29,66,59,14,12,0,-11,-15,15,15,28,22,101,45,70,0,8,0,0,-4,-4,-2,-10,-15,0,-7,-12,-14,-8,-7,-8,-6,0,0,0,0,0,-14,-2,-10,-4,-97,0,0,0,0,0,-3,-5,-9,0,0,0,0,0,0,0,0,58,53,48,0,0,0,0,0,0,0,0,0,0,0,0,0,0,0,0,0,0,0,0,0,0,0,0,0,0,0,0,0,0,0,0,0,0,0,0,0]} 1. e4 g6 2. d4 Bg7 3. Nc3 d6 4. Be3 a6 5. f4 b5 6. Nf3 Bb7 7. Bd3 Nd7 8. O-O e6 {B06: Modern Defence} (8... c5 $11) (8... c5 9. dxc5 Nxc5 10. Bxc5 dxc5 11. e5 f5 12. a4 b4 13. Ne2 Bd5 14. Nd2 e6 15. Nc4 Ne7 16. Nd6+ {½-½ (51) Geller,J (2474)-Bocharov,D (2577) Kazan 2015}) 9. f5 (9. e5 $16) 9... exf5 $11 10. exf5 Ngf6 {White is slightly better.} 11. fxg6 hxg6 12. Bg5 $146 ({Predecessor:} 12. Qd2 O-O 13. Bg5 c5 14. Ne4 Bxe4 {0-1 (14) Preiser,H (1973)-Safyanovsky,M (2366) Marianske Lazne 2005}) 12... O-O 13. Ne4 Qb8 14. Nxf6+ Nxf6 15. Qd2 Qa7 {[#]} (15... Ne4 $11 16. Qf4 f5) 16. c3 (16. Bxf6 $1 $16 Bxf6 17. c3) 16... Ne4 $14 17. Bxe4 (17. Qf4 $14 Rae8 18. Bh6) 17... Bxe4 $11 18. Bh6 f6 19. Rae1 Rae8 20. Bxg7 Kxg7 21. Qf4 Qb7 22. Nd2 {[%cal Rd2e4]} Bf5 23. g4 Be6 24. b3 Qc8 25. h3 f5 {[%cal Rf5g4]} 26. d5 Bd7 $1 27. Qd4+ Kg8 28. gxf5 Bxf5 29. Ne4 Re5 30. Ng5 (30. Ng3 $1 $11) 30... Qd8 ({Black should play} 30... Bxh3 $17 31. Rxf8+ Qxf8) 31. Qh4 {[%csl Gg5][%cal Rh4h7]} Qe7 32. Rxe5 dxe5 33. Re1 {[#]} e4 $1 {[%mdl 512]} 34. Kg2 (34. Nxe4 Qxh4) 34... Rd8 35. c4 bxc4 (35... c6 $5) 36. bxc4 Rb8 37. Re2 a5 38. Qf4 {[%cal Rg5e4]} Kg7 (38... Re8 $11) 39. Nxe4 $14 {aiming for Ng3.} Rh8 40. Ng3 (40. Nc3 $5 {[%cal Re2e7]} Qd8 41. Qe5+ Kf7 42. Re3 $16) 40... Bxh3+ {The position is equal.} 41. Kf3 Qf7 42. Qxf7+ Kxf7 $11 {[%mdl 4096] Endgame KRB-KRN} 43. c5 Rh4 44. Rd2 Bc8 45. d6 cxd6 46. cxd6 {And now d7 would win.} Ke8 47. Ke3 Rh3 48. Kf3 Be6 49. Rd4 g5 50. Re4 Kd7 {Threatens to win with ...Bd5.} 51. Re5 a4 52. Ra5 Kxd6 (52... Kc6 {with more complications.} 53. Rxa4 Bd5+ 54. Kf2 Rh2+ 55. Ke3 Kxd6 56. Rg4 Bxa2 57. Rxg5) 53. Rxa4 Bd5+ 54. Kf2 Ke5 55. Rg4 Kf6 (55... Be6 $5 {[%cal Re6g4]} 56. Rxg5+ Kf4 $11) 56. a4 Kg6 (56... Bh1 $5) 57. Rd4 Ba8 58. Rd6+ {Precision: White = 60%, Black = 56%.} 1/2-1/2

[Event "FIDE Zone 3.4 Men-ch 2017"]
[Site "Tashkent"]
[Date "2017.06.22"]
[Round "7"]
[White "Sattarov, Bobir"]
[Black "Jumanov, Elbek"]
[Result "1-0"]
[WhiteElo "2389"]
[BlackElo "2230"]
[Annotator "TA"]
[PlyCount "141"]
[EventDate "2017.??.??"]
[EventType "swiss"]
[EventCountry "UZB"]
[SourceTitle "playchess.com"]
[Source "ChessBase"]
[SourceQuality "1"]

{[%evp 22,141,49,41,45,27,17,-11,23,-12,-14,-20,-10,-9,-2,0,60,-1,-2,-52,0,0,0,-62,-54,-85,-26,-30,-3,-4,-5,-125,-121,-219,-211,-238,-238,-239,-141,-132,-139,-127,-129,-162,-153,-191,-208,-270,-125,-134,-121,-111,-106,-94,-60,-63,0,0,0,0,0,0,0,0,0,-75,0,0,12,12,528,51,51,51,50,50,66,65,68,68,69,67,67,67,72,69,29969,29973,29971,29974,29974,29974,102,29971,29973,29975,11077,29952,29974,29975,29978,29979,29979,29978,29977,29978,29980,74,29979,29979,29987,29988,29997,29998,29998,0,29988,29989,29989,29990,29990,86]} 1. e4 c5 2. Nf3 e6 3. d4 cxd4 4. Nxd4 Nf6 5. Nc3 d6 6. Be3 a6 7. f3 Nc6 8. Qd2 Be7 9. O-O-O Nxd4 10. Bxd4 b5 11. g4 O-O 12. h4 b4 {B80: Sicilian Scheveningen: 6 g3 and 6 Be3, including English Attack} 13. Ne2 (13. Na4 e5 14. Be3 Be6 15. b3 a5 16. h5 Nd7 17. g5 Rc8 18. Kb1 f5 19. gxf6 Nxf6 20. Bh3 Bxh3 21. Rxh3 {0-1 (54) Ismagambetov,A (2542)-Hou,Y (2663) Almaty 2016}) 13... e5 14. Bf2 $146 ({Predecessor:} 14. Be3 Qa5 15. Kb1 Be6 16. Nc1 d5 17. g5 d4 18. gxf6 dxe3 19. Qxe3 Bxf6 20. Bh3 Bxh3 21. Rxh3 {0-1 (36) Principe,A (2271)-Martinez Romero,M (2402) Pocos de Caldas 2013}) 14... Be6 {The position is equal.} 15. Kb1 Qa5 16. b3 Rfd8 {White must now prevent ...d5.} 17. g5 Ne8 18. c4 bxc3 (18... Qc7 $1 $11) 19. Qxc3 (19. Nxc3 $14 Qa3 20. Qc1) 19... Qa3 $11 20. Bb6 (20. Qb2 $5 {[%cal Rb2a3]} d5 21. exd5 $11) 20... Rdc8 (20... Rdb8 $1 $15 21. Qa5 d5 $1 {[%mdl 512]} 22. Qxa3 Bxa3) 21. Qa5 {[#]} d5 $1 $36 {[%mdl 2560] Black has good play.} 22. Qxa3 ({White should try} 22. exd5 $11 Bf5+ 23. Ka1) 22... Bxa3 $15 23. Bh3 Bxh3 ({Black should play} 23... d4 $17 24. Bxe6 fxe6) 24. Rxh3 $11 dxe4 25. fxe4 Nd6 26. Nc3 (26. Ba5 $11) 26... Rc6 $1 $17 {[%cal Rc6b6]} 27. Nd5 (27. Ba5 $17) 27... Nxe4 $19 {( -> ...Nd2+!)} 28. b4 {[#]} Bxb4 $1 {[%mdl 512]} 29. Re3 (29. Nxb4 Rxb6) 29... Nc3+ (29... f5 $19 30. gxf6 Nxf6) 30. Rxc3 $17 Rxc3 31. Nxb4 Rc4 32. a3 Rxh4 33. Rd5 Re8 34. Nc6 e4 (34... h6 $19 35. g6 fxg6 36. Rxe5 Rxe5 37. Nxe5 Rh3) 35. Ne7+ Kh8 $1 36. Bd4 {Black should prevent Bxg7+!} Rh1+ 37. Kc2 h6 38. g6 fxg6 (38... Rh2+ $15 39. Kd1 f6) 39. Rd7 $1 $11 Rh2+ 40. Kd1 Rg2 {...e3! is the strong threat.} 41. Nd5 Rg8 42. Nf4 Rg3 43. a4 (43. Ke2 $11) 43... Kh7 (43... Rf3 $1 $17 {[%cal Rf3f4]} 44. Ne6 Kh7) 44. Ke2 Ra3 45. Nd5 Rxa4 $2 {[%mdl 8192] [#]} (45... Ra2+ $11 46. Ke1 Kh8) 46. Nf6+ $2 (46. Bxg7 $1 $18 {[%cal Rd5f6][%mdl 512]} g5 (46... Rxg7 47. Nf6+) 47. Nf6+ Kg6 48. Nxg8) 46... Kh8 $14 {aiming for ...Rxd4.} 47. Nxg8 Kxg8 {[%mdl 4096] Endgame KRB-KR} 48. Ke3 g5 49. Kxe4 Rc4 50. Kd5 Rc1 51. Rxg7+ Kf8 52. Be5 Re1 {Threatens to win with ...Rxe5+!} 53. Rb7 {Strongly threatening Ke6.} (53. Ra7 $5 {[%cal Rd5e6]} Rc1 54. Bg7+ (54. Rxa6 Kf7 $16) 54... Kg8 55. Bf6 $16 (55. Bxh6 Rh1 $11)) 53... Ke8 $2 {[%mdl 8192] [#]} (53... Rc1 $14 54. Bb2 Rc2 55. Bg7+ Kg8) 54. Ke6 $1 {[%cal Rb7b8]} Rd1 55. Rh7 {[%cal Rh7h8]} Rf1 56. Rxh6 a5 57. Rh8+ $2 {[%mdl 8192]} (57. Rh5 $16) 57... Rf8 58. Rh7 Rf1 59. Ra7 {[%cal Ra7a8]} Rd1 60. Rxa5 g4 61. Ra4 g3 62. Rg4 {[%cal Rg4g8]} Rf1 63. Rxg3 Rf2 64. Rg1 $2 (64. Rb3 Rd2 65. Rc3 Rd1 66. Rc7 Kd8 67. Rc2 Ke8 68. Rc7 Kd8 69. Rc3) 64... Rf3 $2 {[%mdl 8192]} (64... Rf7 $16) 65. Bd4 Rf4 66. Bf6 {[%cal Rg1g8]} Kf8 67. Be7+ Ke8 68. Bf6 $2 (68. Rg8+ Rf8 69. Rxf8#) 68... Re4+ $2 {[%mdl 8192] [#]} (68... Kf8 $11 69. Be7+ Ke8 70. Rg8+ Rf8 71. Rxf8#) 69. Be5 $1 {[%cal Rg1g8] White mates.} Kf8 70. Rb1 {[%cal Rb1b8]} Kg8 71. Rb8+ $2 {Precision: White = 54%, Black = 32%.} (71. Rh1 {mates} Rxe5+ 72. Kxe5 Kf7 73. Rg1 Ke7 74. Rg7+ Ke8 75. Kf6 Kd8 76. Ke6) 1-0

[Event "FIDE Zone 3.4 Men-ch 2017"]
[Site "Tashkent"]
[Date "2017.06.22"]
[Round "7"]
[White "Esenov, Annaberdi"]
[Black "Kakabaev, Mergen"]
[Result "1-0"]
[WhiteElo "2325"]
[BlackElo "2348"]
[Annotator "TA"]
[PlyCount "79"]
[EventDate "2017.??.??"]
[EventType "swiss"]
[EventCountry "UZB"]
[SourceTitle "playchess.com"]
[Source "ChessBase"]
[SourceQuality "1"]

{[%evp 31,79,9,23,0,0,0,-13,-53,-14,-50,-18,-106,-16,-23,0,0,0,0,0,0,0,-19,-52,-22,0,0,0,0,387,440,2993,2161,29986,29987,29987,29988,29988,29989,29989,29990,29990,29991,29992,29989,29989,29990,29997,29996,29998,29999]} 1. e4 e5 2. Nf3 Nc6 3. Bb5 a6 4. Ba4 Nf6 5. O-O Be7 6. Re1 b5 7. Bb3 d6 8. c3 O-O 9. h3 Na5 10. Bc2 c5 11. d4 Qc7 12. Nbd2 cxd4 13. cxd4 Nc6 14. d5 Nb4 15. Bb1 a5 16. a3 Na6 17. b4 {C99: Closed Ruy Lopez: Chigorin Defence: 11 d4 Qc7 12 Nbd2 cxd4} Bd7 18. Qb3 Rfc8 (18... axb4 19. axb4 Qb7 20. Bd3 Rfc8 21. Nf1 Bd8 22. Ng3 Bb6 23. Bg5 Ne8 24. Ne2 Nac7 {½-½ (58) Svidler,P (2727)-Akopian,V (2679) Dresden 2008}) 19. Bb2 {The position is equal.} Bd8 20. Bd3 Qa7 21. g4 $146 (21. Nf1 $11) ({Predecessor:} 21. Nf1 Bb6 22. Ne3 Nh5 23. Bf1 Nc7 24. Bc3 axb4 25. Bxb4 {0-1 (62) Nemcova,K (2295)-Durarbayli,V (2621) South Padre Island 2014}) 21... h5 (21... Bb6 $17 22. Rf1 Rc7) 22. g5 $11 Nh7 23. g6 $1 {[%cal Rg6h7]} fxg6 {Strongly threatening ...Bb6.} 24. Bxe5 $1 a4 ({Don't take} 24... dxe5 25. d6+ Kh8 26. Nxe5 $17) (24... axb4 $5 {[%cal Ra6c5]} 25. Bxd6 Rc3 $15) 25. Qa2 $36 {[%mdl 2048] Black is under pressure.} dxe5 26. d6+ Kh8 {Threatens to win with ...Ng5.} 27. Nxe5 {[%cal Re5g6]} Ng5 28. Nxg6+ Kh7 29. Nf8+ Kh6 $2 {[%mdl 8192]} (29... Kh8 $1 $11 30. Ng6+ Kh7) 30. Qg8 $1 $18 {[%cal Rg8h8] Threatening mate with Qh8+.} Nxh3+ {[#]} (30... Qxf2+ $142 31. Kxf2 Bb6+ 32. Kg2 Rxf8) 31. Kh1 $1 {[%cal Bg1h1,Bh1g2,Bg2h2][%mdl 32] Intending Qh8+ and mate.} Nxf2+ {[#]} 32. Kg2 $1 {White mates.} Bh3+ 33. Kh2 Bh4 34. Qh7+ Kg5 35. Nf3+ Kf4 36. Ng6+ {[%cal Bf8g6,Bg6h4,Bh4g2][%mdl 32]} Kxf3 37. Nxh4+ Kf4 38. Qxh5 {[%cal Rh4g6]} Bg4 39. Ng2+ Kf3 {[#]} 40. Qf7+ $1 {[%mdl 512] Precision: White = 72%, Black = 33%.} 1-0